[Event "AUTO-ADV-1824"]
[Site "http://www.queenalice.com/game.php?id=800082"]
[Date "2010.7.7"]
[Round "1"]
[White "RedMosquito"]
[Black "Blutigeroo"]
[Result "1-0"]
[WhiteElo "1784"]
[BlackElo "1993"]

1. c4 c5 2. Nc3 Nc6 3. e4 e6 4. Nf3 Nf6 5. d4 cxd4 6. Nxd4 e5 7. Nf5 Bb4 8. Bd3
O-O 9. O-O d6 10. Bg5 Bxc3 11. bxc3 Bxf5 12. exf5 h6 13. Bh4 Re8 14. Be4 Na5 15.
Qa4 Rc8 16. Bxf6 gxf6 17. Bd5 Kf8 18. Rfe1 Ke7 19. Re4 Rh8 20. Rg4 Rh7 21. Re1
b6 22. Re3 Qc7 23. Reg3 Rhh8 24. Rg7 Rcf8 25. Qb5 Nb7 26. Be6 Nc5 27. Bd5 a6 28.
Qb1 Ke8 29. Qd1 h5 30. Rh3 b5 31. Rxh5 Rxh5 32. Qxh5 bxc4 33. h4 Na4 34. Qh6 Ke7
35. Qh7 Ke8 36. Rg8 Qe7 37. Bc6+ 1-0

[Event "AUTO-ADV-1856"]
[Site "http://www.queenalice.com/game.php?id=813824"]
[Date "2010.8.5"]
[Round "1"]
[White "sasquatico"]
[Black "RedMosquito"]
[Result "1-0"]
[WhiteElo "1779"]
[BlackElo "1816"]

1. e4 c6 2. e5 d5 3. d4 Bf5 4. Nf3 h5 5. h3 e6 6. Bg5 Be7 7. Bxe7 Nxe7 8. Nbd2
Nd7 9. Be2 Qb6 10. Nb3 c5 11. O-O cxd4 12. Nfxd4 Nxe5 13. Nxf5 O-O 14. Nxe7+ Kh7
15. Bd3+ g6 16. Qxh5+ 1-0

[Event "AUTO-ADV-1856"]
[Site "http://www.queenalice.com/game.php?id=813825"]
[Date "2010.8.5"]
[Round "1"]
[White "RedMosquito"]
[Black "sasquatico"]
[Result "1-0"]
[WhiteElo "1815"]
[BlackElo "1799"]

1. d4 Nf6 2. c4 g6 3. Nf3 Bg7 4. e3 d5 5. cxd5 Qxd5 6. Nc3 Qd8 7. Bc4 e6 8. O-O
O-O 9. Qb3 a6 10. e4 b5 11. Bd3 Nbd7 12. e5 Ne8 13. Bg5 f6 14. Qxe6+ Kh8 15. h4
fxg5 16. Nxg5 Nb6 17. Nf7+ Rxf7 18. Qxf7 Bb7 19. h5 Qg5 20. Ne4 Bxe4 21. Bxe4
Rd8 22. hxg6 hxg6 23. Bxg6 Nd7 24. e6 Nd6 25. f4 Qg3 26. Qe7 Bxd4+ 27. Kh1 Qxg6
28. Qxd8+ Ne8 29. Rf3 Bf6 30. Qxd7 Bxb2 31. f5 Qh5+ 32. Rh3 Qxh3+ 33. gxh3 Bxa1
34. Qxe8+ Kg7 35. Qf7+ Kh6 36. Qg6# 1-0

[Event "AUTO-ADV-1856"]
[Site "http://www.queenalice.com/game.php?id=813838"]
[Date "2010.8.5"]
[Round "1"]
[White "RedMosquito"]
[Black "Prosperidade"]
[Result "0-1"]
[WhiteElo "1797"]
[BlackElo "1970"]

1. d4 d5 2. c4 e6 3. Nf3 c6 4. cxd5 cxd5 5. e3 a6 6. Bd3 Nc6 7. O-O Nf6 8. Nc3
Bd6 9. e4 dxe4 10. Nxe4 Be7 11. Be3 O-O 12. a3 h6 13. Qb3 Nd5 14. Rac1 Bd7 15.
Nc3 Nxe3 16. fxe3 b5 17. Be4 Na5 18. Qd1 Rc8 19. Ne5 Nc4 20. Nxc4 Rxc4 21. b3
Rc7 22. b4 Bg5 23. Qf3 f5 24. Bd3 Bc6 25. Qe2 Qa8 26. Rc2 Bb7 27. Rfc1 Bxg2 28.
Qxg2 Bxe3+ 29. Kf1 Qxg2+ 30. Rxg2 Bxc1 0-1

[Event "AUTO-ADV-1856"]
[Site "http://www.queenalice.com/game.php?id=813839"]
[Date "2010.8.5"]
[Round "1"]
[White "Prosperidade"]
[Black "RedMosquito"]
[Result "1-0"]
[WhiteElo "1930"]
[BlackElo "1783"]

1. d4 Nf6 2. c4 d5 3. cxd5 Nxd5 4. e4 Nf6 5. Nc3 e6 6. a3 Be7 7. Nf3 O-O 8. Bd3
c5 9. dxc5 Bxc5 10. O-O Nc6 11. Bg5 h6 12. Bh4 Be7 13. h3 a6 14. Qc2 Nd4 15.
Nxd4 Qxd4 16. Rae1 Bd7 17. Rd1 Qe5 18. f4 Qa5 19. e5 Nd5 20. Nxd5 Bxh4 21. Nc3
Rac8 22. Bh7+ Kh8 23. Be4 Ba4 24. Qxa4 1-0

[Event "AUTO-ADV-1856"]
[Site "http://www.queenalice.com/game.php?id=813840"]
[Date "2010.8.5"]
[Round "1"]
[White "RedMosquito"]
[Black "stranieroinpatria"]
[Result "0-1"]
[WhiteElo "1788"]
[BlackElo "1765"]

1. e4 e5 2. Nf3 Nc6 3. Bb5 Nf6 4. O-O Bc5 5. Bxc6 bxc6 6. Nxe5 Nxe4 7. Qe2 Qe7
8. Qxe4 Bd6 9. Re1 f6 10. Nf3 O-O 11. Qxe7 Bxe7 12. Rxe7 Ba6 13. Rxd7 Be2 14.
Nd4 Rfe8 15. Nc3 Bg4 16. h3 Bxd7 17. b4 Rab8 18. a3 Re5 19. Nf3 Rf5 20. d3 c5
21. Be3 cxb4 22. axb4 Rxb4 23. Rxa7 Bc6 24. Nd4 Rc5 25. Nxc6 Rxc6 26. Bd2 Rb2
27. Ne4 Rbxc2 28. Be3 h6 29. d4 f5 30. Nc5 Rc4 31. g3 g5 32. Na6 Ra4 0-1

[Event "AUTO-ADV-1856"]
[Site "http://www.queenalice.com/game.php?id=813841"]
[Date "2010.8.5"]
[Round "1"]
[White "stranieroinpatria"]
[Black "RedMosquito"]
[Result "1-0"]
[WhiteElo "1740"]
[BlackElo "1830"]

1. e4 c6 2. d4 d5 3. Nc3 dxe4 4. Nxe4 Bf5 5. Qe2 Qxd4 6. Nc3 e5 7. Nf3 Qc5 8.
Nxe5 Bxc2 9. Nd3+ Qe7 10. Nc5 b6 11. Nb7 Qxe2+ 12. Bxe2 Bd6 13. Nxd6+ 1-0

[Event "AUTO-ADV-1903"]
[Site "http://www.queenalice.com/game.php?id=832820"]
[Date "2010.9.14"]
[Round "1"]
[White "Gil"]
[Black "RedMosquito"]
[Result "1-0"]
[WhiteElo "1892"]
[BlackElo "1795"]

1. d4 e6 2. Nf3 Nf6 3. c4 Be7 4. Nc3 O-O 5. e4 Bb4 6. Bd3 d5 7. e5 Ne4 8. Qc2 f5
9. exf6 Nxf6 10. O-O h6 11. cxd5 exd5 12. a3 Bd6 13. Qb3 c6 14. Be3 Qc7 15. h3
Be6 16. Rfe1 Nbd7 17. Bxh6 gxh6 18. Rxe6 Kg7 19. Rc1 Rae8 20. Rce1 Nb6 21. Nh4
Rxe6 22. Rxe6 Bf4 23. Re7+ 1-0

[Event "AUTO-ADV-1903"]
[Site "http://www.queenalice.com/game.php?id=832821"]
[Date "2010.9.14"]
[Round "1"]
[White "RedMosquito"]
[Black "Gil"]
[Result "0-1"]
[WhiteElo "1771"]
[BlackElo "2056"]

1. d4 d5 2. Nf3 Nf6 3. e3 e6 4. c4 Be7 5. cxd5 Nxd5 6. Bc4 O-O 7. O-O Nc6 8. Nc3
Nxc3 9. bxc3 Bd7 10. a4 Na5 11. Bd3 c5 12. c4 f5 13. Ba3 Qc7 14. Nd2 Bc6 15. Nb3
Bxa4 16. Bc2 Bxb3 17. Bxb3 Rfd8 18. Ba2 cxd4 19. exd4 Bxa3 20. c5 Bb2 21. Bxe6+
Kh8 22. Ra4 b5 23. Ra2 Bxd4 24. Qf3 f4 25. Bd5 Rab8 26. c6 Bb6 27. h4 Rd6 28.
Rc1 Qd8 29. Be4 Qxh4 30. c7 Rc8 31. Bf5 Rxc7 32. Rxc7 Bxc7 33. Qa8+ Qd8 34. Qxa7
Rd1+ 35. Kh2 Qh4+ 36. Bh3 Qg3+ 0-1

[Event "AUTO-ADV-1903"]
[Site "http://www.queenalice.com/game.php?id=832838"]
[Date "2010.9.14"]
[Round "1"]
[White "RedMosquito"]
[Black "chaosagent"]
[Result "1-0"]
[WhiteElo "1771"]
[BlackElo "1663"]

1. d4 d5 2. Nf3 Nf6 3. e3 g6 4. Bd3 Bg7 5. O-O O-O 6. c4 dxc4 7. Bxc4 Re8 8. Ng5
e6 9. Qb3 h6 10. Nf3 Nc6 11. Bd2 Bd7 12. Nc3 Na5 13. Qb4 Nc6 14. Qa3 Bf8 15. b4
Bxb4 16. Qb2 Rb8 17. a3 Be7 18. Rab1 a6 19. d5 Na7 20. e4 b5 21. Ba2 exd5 22.
Nxd5 Nxe4 23. Bxh6 Bf6 24. Nxf6+ Nxf6 25. Ng5 Rb6 26. Rfd1 Rd6 27. Bxf7+ Kh8 28.
Rxd6 Re6 29. Nxe6 Qc8 30. Qxf6+ 1-0

[Event "AUTO-ADV-1903"]
[Site "http://www.queenalice.com/game.php?id=832839"]
[Date "2010.9.14"]
[Round "1"]
[White "chaosagent"]
[Black "RedMosquito"]
[Result "0-1"]
[WhiteElo "1659"]
[BlackElo "1773"]

1. d4 Nf6 2. c4 d5 3. c5 b6 4. cxb6 axb6 5. Nf3 Ba6 6. Nc3 e6 7. Bg5 Be7 8. a3
O-O 9. Ne5 h6 10. Bh4 Qd6 11. b4 c6 12. a4 Nbd7 13. b5 cxb5 14. Nd3 Ne4 15. Bxe7
Qxe7 16. Nxe4 dxe4 17. Nf4 b4 18. Qb3 Rfc8 19. e3 Rc3 20. Qb2 Ne5 21. Qxb4 Qxb4
0-1

[Event "AUTO-ADV-1903"]
[Site "http://www.queenalice.com/game.php?id=832840"]
[Date "2010.9.14"]
[Round "1"]
[White "RedMosquito"]
[Black "califkid"]
[Result "1-0"]
[WhiteElo "1783"]
[BlackElo "1963"]

1. d4 d5 2. Nf3 Nf6 3. e3 c5 4. Bb5+ Nbd7 5. O-O a6 6. Be2 e6 7. c4 cxd4 8. Nxd4
Be7 9. Qc2 O-O 10. Bd2 dxc4 11. Bxc4 b5 12. Bxe6 Nb6 13. Bb3 Nbd5 14. Nc3 Nb4
15. Qb1 Qd6 16. Ne4 Nxe4 17. Qxe4 Bd7 18. Bc3 Rac8 19. a3 Bc6 20. Nxc6 Nxc6 21.
Rad1 Qc7 22. Qg4 g6 23. Rd7 Qb8 24. Rfd1 Ne5 25. Bxe5 Qxe5 26. Qe2 Rfe8 27. Ra7
Qf6 28. Qf3 Qxf3 29. gxf3 Kf8 30. Rdd7 Rc1+ 31. Kg2 Rb1 32. Rxa6 Rxb2 33. Bd5 b4
34. a4 Rd2 35. e4 Rd8 36. Raa7 Rxd7 37. Rxd7 b3 38. Rb7 b2 39. a5 Rd1 40. Ba2
Rd2 41. a6 1-0

[Event "AUTO-ADV-1903"]
[Site "http://www.queenalice.com/game.php?id=832841"]
[Date "2010.9.14"]
[Round "1"]
[White "califkid"]
[Black "RedMosquito"]
[Result "0-1"]
[WhiteElo "1972"]
[BlackElo "1806"]

1. c4 Nf6 2. Nc3 e5 3. Nf3 Nc6 4. g3 Bc5 5. Nxe5 Bxf2+ 6. Kxf2 Nxe5 7. e4 O-O 8.
d3 h6 9. Be2 d6 10. Kg2 Qd7 11. Bf1 c6 12. Bf4 Ng6 13. Kg1 a5 14. Qd2 Nxf4 15.
Qxf4 d5 16. e5 Nh7 17. d4 Rd8 18. cxd5 cxd5 19. Bg2 Ra6 20. h4 Nf8 21. Bh3 Ne6
22. Qe3 Rb6 23. b3 Rb4 24. Rd1 Qc6 25. Kh2 a4 26. Bxe6 Bxe6 27. Nxa4 Bg4 28. Rd2
Rc8 29. Qf4 Be6 30. Nc5 b6 31. Nxe6 Qxe6 32. Qf3 Qc6 33. Rf1 Qe6 34. a3 Rb5 35.
b4 Rc4 36. Rb1 Qc8 37. Qb3 Qg4 38. Qd1 Qe4 39. Rc1 Qe3 40. Rd3 Qxc1 0-1

[Event "AUTO-ADV-1824"]
[Site "http://www.queenalice.com/game.php?id=833762"]
[Date "2010.9.16"]
[Round "2"]
[White "RedMosquito"]
[Black "RobertD"]
[Result "0-1"]
[WhiteElo "1784"]
[BlackElo "1871"]

1. d4 d5 2. Nf3 e6 3. e3 Nf6 4. Bd3 c5 5. c4 Nc6 6. O-O Bd6 7. Nc3 O-O 8. Nb5
Ne4 9. Bxe4 dxe4 10. Nd2 f5 11. Nxd6 Qxd6 12. Nb3 b6 13. d5 Rd8 14. Qh5 exd5 15.
cxd5 Qxd5 16. Bd2 c4 17. Nd4 Nb4 18. Bxb4 Ba6 19. Rfd1 g6 20. Qe2 Qb7 21. Bc3
Qf7 22. h4 Rac8 23. Rac1 b5 24. Bb4 Rd5 25. a3 Bb7 26. Nc2 Rcd8 27. Rd4 Rxd4 28.
exd4 Qd5 29. Bc5 a6 30. Ne3 Qc6 31. g3 Qc7 32. a4 f4 33. Nf1 Qc6 34. axb5 axb5
35. Ra1 fxg3 36. Nxg3 e3 37. f3 Re8 38. Ne4 Rxe4 39. fxe4 Qxe4 40. Kh2 Qxh4+ 0-1

[Event "AUTO-ADV-1824"]
[Site "http://www.queenalice.com/game.php?id=833763"]
[Date "2010.9.16"]
[Round "2"]
[White "RobertD"]
[Black "RedMosquito"]
[Result "1-0"]
[WhiteElo "1831"]
[BlackElo "1810"]

1. e4 e6 2. d4 d5 3. e5 c5 4. Nf3 cxd4 5. Nxd4 Nc6 6. Bb5 Bd7 7. Bxc6 bxc6 8.
O-O c5 9. Nf3 Ne7 10. Bg5 f6 11. exf6 gxf6 12. Bxf6 Rg8 13. Ne5 Bg7 14. Qh5+ Kf8
15. Qf7# 1-0

[Event "AUTO-ADV-2035"]
[Site "http://www.queenalice.com/game.php?id=884636"]
[Date "2011.1.12"]
[Round "1"]
[White "frank_lasker"]
[Black "RedMosquito"]
[Result "1/2-1/2"]
[WhiteElo "1902"]
[BlackElo "1816"]

1. e4 e6 2. Nf3 Nf6 3. Nc3 Bb4 4. Ne2 O-O 5. b3 Nc6 6. Bb2 d6 7. Ng3 Bd7 8. Bd3
e5 9. O-O Bg4 10. h3 Be6 11. a3 Bc5 12. b4 Bb6 13. Ng5 Bd7 14. Nh5 g6 15. Ng3
Nd4 16. Kh2 a5 17. c3 Ne6 18. h4 Nxg5 1/2-1/2

[Event "AUTO-ADV-2035"]
[Site "http://www.queenalice.com/game.php?id=884637"]
[Date "2011.1.12"]
[Round "1"]
[White "RedMosquito"]
[Black "frank_lasker"]
[Result "0-1"]
[WhiteElo "1829"]
[BlackElo "1914"]

1. d4 d5 2. g3 Nf6 3. Bg2 e6 4. e4 dxe4 5. Ne2 c5 6. O-O c4 7. Nbc3 e5 8. dxe5
Ng4 9. Qxd8+ Kxd8 10. Nxe4 Nc6 11. Rd1+ Bd7 12. Bh3 Ngxe5 13. Nc5 Bxc5 0-1

[Event "AUTO-ADV-2035"]
[Site "http://www.queenalice.com/game.php?id=884652"]
[Date "2011.1.12"]
[Round "1"]
[White "RedMosquito"]
[Black "brigador"]
[Result "1/2-1/2"]
[WhiteElo "1823"]
[BlackElo "1849"]

1. e4 c5 2. Nf3 d6 3. d4 cxd4 4. Nxd4 Nf6 5. Nc3 a6 6. Bd3 Bd7 7. O-O e6 8. Be3
Nc6 9. Be2 Nxd4 10. Bxd4 e5 11. Be3 Be7 12. Nd5 Nxd5 13. Qxd5 Bc6 14. Qb3 g6 15.
Bh6 Bxe4 16. Bc4 d5 17. Rad1 1/2-1/2

[Event "AUTO-ADV-2035"]
[Site "http://www.queenalice.com/game.php?id=884653"]
[Date "2011.1.12"]
[Round "1"]
[White "brigador"]
[Black "RedMosquito"]
[Result "1/2-1/2"]
[WhiteElo "1848"]
[BlackElo "1824"]

1. e4 e6 2. d4 d5 3. e5 c5 4. c3 cxd4 5. cxd4 Bb4+ 6. Nc3 Ne7 7. Bd3 O-O 8. Ne2
Nbc6 9. Bd2 Nf5 10. Bxf5 exf5 11. a3 Be7 12. Be3 Be6 13. Qd3 Na5 14. Rb1 Nc4 15.
Bc1 Rc8 16. O-O a6 17. b4 b5 1/2-1/2

[Event "AUTO-ADV-2035"]
[Site "http://www.queenalice.com/game.php?id=884654"]
[Date "2011.1.12"]
[Round "1"]
[White "RedMosquito"]
[Black "Blutigeroo"]
[Result "1/2-1/2"]
[WhiteElo "1821"]
[BlackElo "1862"]

1. d4 d5 2. Nf3 Bf5 3. e3 Nc6 4. Bb5 a6 5. Bxc6+ bxc6 6. O-O e6 7. c4 c5 8. Qa4+
Qd7 9. Qxd7+ Kxd7 10. b3 Nf6 11. Nc3 c6 12. Ne5+ Ke8 13. Nxc6 Rc8 14. Ne5 Be7
15. h3 g5 16. Ba3 h5 17. Na4 cxd4 18. Bxe7 Kxe7 19. c5 dxe3 20. fxe3 g4 21. Rac1
1/2-1/2

[Event "AUTO-ADV-2035"]
[Site "http://www.queenalice.com/game.php?id=884655"]
[Date "2011.1.12"]
[Round "1"]
[White "Blutigeroo"]
[Black "RedMosquito"]
[Result "1/2-1/2"]
[WhiteElo "1864"]
[BlackElo "1819"]

1. c4 Nf6 2. Nc3 e5 3. e3 Bb4 4. Qc2 O-O 5. a3 Be7 6. Be2 d5 7. cxd5 Nxd5 8. e4
Nf4 9. g3 Nxe2 10. Ngxe2 Be6 11. O-O c6 12. d3 Na6 13. Be3 Nc5 14. Rad1 Bg5 15.
f4 Be7 16. fxe5 Bb3 17. Qd2 Bxd1 18. Rxd1 Qc7 19. d4 Ne6 20. d5 Bd8 21. dxe6
fxe6 1/2-1/2